Estatut. Reglament de la Assamblea. Reial Decret autoritzant la creació de Mancomunitats. Reial Decret d'aprovació de l'Estatut / Mancomunitat de Catalunya
Descripción Física:
54 p. ; 17 cm
MARC
| LEADER | 00000nam a2200000Ia 4500 | ||
|---|---|---|---|
| 001 | 1098 | ||
| 008 | 160829s1914 xx 000 0 cat d | ||
| 080 | |a M-3-293 | ||
| 110 | 2 | |a Catalunya. |b Mancomunitat |9 53015 | |
| 245 | |a Estatut. Reglament de la Assamblea. Reial Decret autoritzant la creació de Mancomunitats. Reial Decret d'aprovació de l'Estatut / Mancomunitat de Catalunya | ||
| 260 | |a Barcelona : |b (Imp. de la Casa Provincial de Caritat), |c 1914 | ||
| 300 | |a 54 p. ; |c 17 cm | ||
| 590 | |a Hi ha dos duplicats : R. 1822, DUP-18 i R. 1098, DUP-30 | ||
| 650 | |a Catalunya. Mancomunitat |x Estatuts |9 25748 | ||
| 650 | |a Catalunya. Mancomunitat. Assemblea |x Reglaments i procediment |9 20446 | ||
| 856 | 4 | |u https://media.diba.cat/diba/fitxers/arxiu/mancomunitat/bib_1098_baixa.pdf |y Accés lliure | |
| 901 | |a Arxiu | ||
| 942 | |n 1 |2 udc | ||
| 952 | |0 0 |1 0 |4 0 |6 M3293 |7 1 |9 41538 |a Arxiu |b Arxiu |d 2016-12-01 |l 0 |o M-3-293 |p 1098 |r 2016-12-01 00:00:00 |w 2016-12-01 |y ARXIU | ||
| 999 | |c 43428 |d 43428 | ||
| 900 | |a bib_1098_baixa.pdf | ||